| 000 | 00808nam a22001935i 4500 | ||
|---|---|---|---|
| 001 | 152543 | ||
| 003 | ES-MaACL | ||
| 005 | 20251005063119.0 | ||
| 008 | 051017s1859 fr | |||||||| ||fre d | ||
| 040 |
_aCAM _bspa _cCAM |
||
| 080 | _a821.133.1-22"18" | ||
| 100 | 1 |
_aAnicet Bourgeois, Auguste, _d1806-1871 _930979 |
|
| 245 | 1 | 4 |
_aLes honnêtes femes _b: drame en cinq actes / _cpar Anicet Bourgeois. |
| 260 |
_aParis : _bLibrairie Théatrale, _c1859 ( _fTyp. Morris et comp.) |
||
| 300 |
_a98 p. ; _c19 cm. |
||
| 500 | _aReprésenté pour la première fois, à Paris, sur le Théatre du Vaudeville le 29 juillet 1859. | ||
| 852 |
_aES-MaACL _jT-732-F-2 _z-- Enc. hol. conservando la cub. original _z-- Ex-libris ms. de Gustavo Saenz Diez _z-- Enc. en un vol. facticio |
||
| 999 |
_c152543 _d152543 |
||